Hacia donde va la democracia / Radamés Abreu (Registro nro. 3598)

Detalles MARC
000 -LEADER
fixed length control field 00537nam a22002051a 4500
001 - CONTROL NUMBER
control field 3598
003 - CONTROL NUMBER IDENTIFIER
control field OSt
005 - DATE AND TIME OF LATEST TRANSACTION
control field 20260204211856.0
008 - FIXED-LENGTH DATA ELEMENTS--GENERAL INFORMATION
fixed length control field 041208s2004||||dr ||||||b||||||||||spa||
020 ## - NUMERO DE LIBRO INTERNACIONAL NORMALIZADO
International Standard Book Number 9993496081
050 ## - LIBRARY OF CONGRESS CALL NUMBER
Classification number RD 321.87293 A86s
082 ## - DEWEY DECIMAL CLASSIFICATION NUMBER
Classification number RD 321.87293 A86s
100 ## - ASIENTO PRINCIPAL -- NOMBRE PERSONAL
Personal name Abreu, Radamés
245 ## - TÍTULO PROPIAMENTE DICHO: SUBTÍTULO
Title Hacia donde va la democracia / Radamés Abreu
264 ## - PRODUCTION, PUBLICATION, DISTRIBUTION, MANUFACTURE, AND COPYRIGHT NOTICE
Place of production, publication, distribution, manufacture Santo Domingo : Manatí
300 ## - PHYSICAL DESCRIPTION
Extensión 122 p
500 ## - GENERAL NOTE
General note Incluye indice
650 ## - ASIENTO SECUNDARIO DE MATERIA -- TERMINO TEMÁTICO
Termino Temático Como Elemento de Entrada 1.Democracia Moderna - República DominicanaÌ
942 ## - ADDED ENTRY ELEMENTS (KOHA)
Source of classification or shelving scheme Dewey Decimal Classification
Koha item type Libros
Existencias
Withdrawn status Lost status Source of classification or shelving scheme Damaged status Not for loan Current library Date acquired Total Checkouts Full call number Barcode Date last seen Price effective from Koha item type
    Dewey Decimal Classification     Biblioteca UTECO 09/09/2019   RD 321.87293 A86S 008100 09/09/2019 09/09/2019 Libros
    Dewey Decimal Classification     Biblioteca UTECO 09/09/2019   RD 321.87293 A86S 008101 09/09/2019 09/09/2019 Libros
    Dewey Decimal Classification     Biblioteca UTECO 09/09/2019   RD 321.87293 A86S 008102 09/09/2019 09/09/2019 Libros
    Dewey Decimal Classification     Biblioteca UTECO 09/09/2019   RD 321.87293 A86S 008103 09/09/2019 09/09/2019 Libros
    Dewey Decimal Classification     Biblioteca UTECO 09/09/2019   RD 321.87293 A86S 008104 09/09/2019 09/09/2019 Libros
    Dewey Decimal Classification Descartado para donación   Biblioteca UTECO 09/09/2019   RD 321.87293 A86S 008105 09/09/2019 09/09/2019 Libros
    Dewey Decimal Classification Dañado   Biblioteca UTECO 09/09/2019   RD 321.87293 A86S 008106 09/09/2019 09/09/2019 Libros
© 2021 Derechos Reservados UTECO - Teléfono: +1 809-585-2291 - Correo electrónico: biblioteca@uteco.edu.do​  
Código postal 43000 ​​
Dirección: Avenida Universitaria No. 100, 
Cotuí, Provincia Sánchez Ramírez, República Dominicana - RNC: 404-00059-6